[Event "Benasque op"]
[Site "Benasque"]
[Date "1993.??.??"]
[Round "6"]
[White "Cifuentes Parada, Roberto"]
[Black "Antunes, Antonio"]
[Result "1/2-1/2"]
[WhiteElo "2495"]
[BlackElo "2425"]

1.d4 d5 2.c4 e6 3.Nf3 Nf6 4.Nc3 c6 5.e3 Nbd7 6.Qc2 Bd6 7.Bd2 O-O 8.O-O-O b5
9.cxb5 c5 10.e4 Bb7 11.exd5 exd5 12.Bg5 c4 13.Qf5 Bb4 14.Ne5 Bxc3 15.bxc3 Qa5
16.Nxd7 Qxc3+ 17.Qc2 Qa3+ 18.Qb2 Qxb2+ 19.Kxb2 Nxd7 20.Re1 a6 21.Re7 Bc8
22.bxa6 Rxa6 23.Be2 Nb8 24.Re3 Nc6 25.Be7 Nxe7 26.Rxe7 Rb6+ 27.Kc3 Ra6 28.Ra1 Be6
29.a4 Rb8 30.Rb1 Rba8 31.Bd1 g5 32.Rbb7 h6 33.g3 Rxa4 34.Bxa4 Rxa4 35.Ra7 Rxa7
36.Rxa7 Kg7 37.Kd2 Kg6 38.Ke3 Kf6 39.f4 Kf5 40.Kf3 Kf6 41.Ra6 g4+ 42.Ke3 Kf5
43.Rd6 Kf6 44.Kd2 Kf5 45.Ke3 Kf6 46.Rb6 Kf5 47.Rb1 Kf6 48.Kd2 Bf5 49.Ra1 Kg6
50.Kc3 Be4 51.Ra6+ f6 52.Ra7 Kf5 53.Ra1 Bd3 54.Re1 Be4 55.Kb4 h5 56.Re3 h4
57.Kc5 hxg3 58.hxg3 Ke6 59.Kc6 f5 60.Ra3 Ke7 61.Kc5 Kd7 62.Ra7+ Ke6 63.Kb4 Kd6
64.Rh7 Kc6 65.Rh6+ Kd7 66.Rf6 Bd3 67.Rf7+ Kd6 68.Rf8 Kd7 69.Rh8 Be4 70.Rh6 Bd3
71.Ra6 Be4 72.Ra5 Kd6 73.Rc5 Bd3 74.Ka5 Be4 75.Kb6 Kd7 76.Rc7+ Kd6 77.Kb7 Bd3
78.Kc8 Be4 79.Kd8 Bd3 80.Rc5 Be4 81.Ra5 Kc6 82.Ke7 Kb6 83.Rc5 Kb7 84.Kd6 Kb6  1/2-1/2

[Event "Benasque op"]
[Site "Benasque"]
[Date "1993.??.??"]
[Round "6"]
[White "Lalic, Bogdan"]
[Black "Montecatine, Ricardo"]
[Result "1-0"]
[WhiteElo "2520"]
[BlackElo "2330"]

1.d4 d5 2.c4 c6 3.Nc3 Nf6 4.e3 e6 5.Nf3 Nbd7 6.Qc2 Bd6 7.Be2 O-O 8.O-O b6
9.b3 Bb7 10.Bb2 Rc8 11.e4 dxe4 12.Nxe4 Nxe4 13.Qxe4 Qe7 14.Rad1 Rfd8 15.Bd3 Nf8
16.Qg4 Qf6 17.Bc1 h6 18.Be4 Ba8 19.Be3 c5 20.Bxa8 Rxa8 21.dxc5 Bxc5 22.Bxc5 bxc5
23.Qe4 Ng6 24.g3 Qb2 25.Rd2 Qf6 26.Rfd1 Rab8 27.h4 Rxd2 28.Rxd2 Rd8 29.Rxd8+ Qxd8
30.Kg2 Qc8 31.h5 Nf8 32.Ne5 Nd7 33.Qc6 Qxc6+ 34.Nxc6 a6 35.Kf3 Kf8 36.g4 g6
37.g5 Kg7 38.gxh6+ Kxh6 39.hxg6 Kxg6 40.Kf4 Kf6 41.Ke4 Kg5 42.f4+ Kg4 43.Ne5+ Nxe5
44.fxe5 a5 45.a4 Kg5 46.b4 cxb4 47.c5 f5+ 48.Kd3  1-0

[Event "Berliner Sommer"]
[Site "Berlin"]
[Date "1993.??.??"]
[Round "?"]
[White "Schulz, Rainer"]
[Black "Haub, Thorsten Michael"]
[Result "0-1"]
[WhiteElo "2470"]
[BlackElo "2310"]

1.d4 Nf6 2.c4 e6 3.Nf3 d5 4.Nc3 c6 5.e3 Nbd7 6.Qc2 Bd6 7.Be2 O-O 8.O-O Qe7
9.b3 dxc4 10.bxc4 e5 11.c5 Bc7 12.Ba3 Ba5 13.Bb2 exd4 14.exd4 b6 15.cxb6 axb6
16.Bc4 Ba6 17.Bxa6 Rxa6 18.Rfd1 b5 19.Ne2 Qe4 20.Rd3 Nd5 21.a3 f6 22.Ng3 Qg6
23.Nh4 Qf7 24.Ne4 Qh5 25.g3 Bc7 26.Rad1 Re8 27.Nc3 N7b6 28.Nxd5 Nxd5 29.Rf3 Qg4
30.Bc1 Re6 31.Kg2 Qe4 32.Qb3 g6 33.Bd2 Qxd4 34.Bf4 Qa7 35.Bh6 Bd6 36.Rxd5 cxd5
37.Qxd5 Qf7 38.Rc3 Re8 39.Qxb5 Rxa3 40.Rc6 Rb3 41.Qa4 Rb4 42.Qc2 Qd5+ 43.f3 Ra8
44.Rc8+ Kf7 45.Rxa8 Qxa8 46.Qd2 Qc6 47.Qa2+ Rc4 48.Kh3 Qd5 49.Qa7+ Be7 50.Qb8 g5
51.Ng2 Qxf3  0-1

[Event "Berliner Sommer"]
[Site "Berlin"]
[Date "1993.??.??"]
[Round "?"]
[White "Sack, Bruno Wolfgang"]
[Black "Von Herman, Ulf"]
[Result "0-1"]
[WhiteElo "2310"]
[BlackElo "2280"]

1.d4 d5 2.Nf3 Nf6 3.c4 e6 4.Nc3 c6 5.e3 Nbd7 6.Qc2 Bd6 7.Be2 O-O 8.O-O dxc4
9.Bxc4 Qe7 10.Rd1 e5 11.dxe5 Nxe5 12.Nxe5 Bxe5 13.h3 b6 14.Bd3 Bb7 15.f4 Bxc3
16.bxc3 c5 17.c4 Rad8 18.a4 Rd6 19.Bf1 Re6 20.a5 Bc6 21.axb6 axb6 22.Ra3 Re8
23.Qf2 Ne4 24.Qe1 Nd6 25.Bd3 Be4 26.Bf1 Nf5 27.Bb2 h5 28.Be5 Rg6 29.Rd2 Rg3
30.Qa1 Qh4 31.Qb2 f6 32.Qb5 Rf8 33.Bd6 Nxd6 34.Rxd6 Rxh3  0-1

[Event "Berliner Sommer"]
[Site "Berlin"]
[Date "1993.??.??"]
[Round "?"]
[White "Soffer, Ram"]
[Black "Thinius, Marco"]
[Result "1-0"]
[WhiteElo "2450"]
[BlackElo "2300"]

1.d4 d5 2.c4 c6 3.Nc3 Nf6 4.e3 e6 5.Nf3 Nbd7 6.Bd3 dxc4 7.Bxc4 b5 8.Be2 a6
9.e4 b4 10.e5 bxc3 11.exf6 Nxf6 12.bxc3 Bd6 13.Ne5 Qa5 14.O-O Bxe5 15.dxe5 Qxe5
16.Bf3 Nd5 17.Ba3 Bd7 18.c4 Ne7 19.Qd2 Nf5 20.Rad1 Qc7 21.Be4 h6 22.Qc3 Rg8
23.Rfe1 g6 24.Re2 e5 25.Bxf5 gxf5 26.Bd6 Qc8 27.Qxe5+ Be6 28.Bc5 Rb8 29.Qf6 Rb7
30.Red2  1-0

[Event "Berliner Sommer"]
[Site "Berlin"]
[Date "1993.??.??"]
[Round "?"]
[White "Onischuk, Alexander"]
[Black "Thesing, Matthias"]
[Result "1-0"]
[WhiteElo "2495"]
[BlackElo "2385"]

1.d4 d5 2.c4 c6 3.Nc3 Nf6 4.e3 e6 5.Nf3 Nbd7 6.Qc2 Bd6 7.Be2 O-O 8.b3 dxc4
9.bxc4 e5 10.O-O Re8 11.Bb2 Qe7 12.Rae1 e4 13.Nd2 Nf8 14.c5 Bb8 15.f3 exf3
16.Bxf3 Qc7 17.g3 Bh3 18.Bg2 Bxg2 19.Kxg2 Ng4 20.Nde4 Qd7 21.h3 Nh6 22.Qe2 Re6
23.Qh5 Qe7 24.Qf3 f5 25.Nd2 Rg6 26.Ne2 Re6 27.Nc4 Nd7 28.d5 cxd5 29.Qxd5 Qf7
30.Qxb7 Re8 31.c6 Qd5+ 32.Rf3 Ne5 33.Nxe5 Bxe5 34.Bxe5 Qxe5 35.c7 Nf7 36.Rd1 Rac8
37.Rd7 Ng5 38.Rf2 Qxe3 39.Qd5+ Qe6 40.Nf4 Qxd5+ 41.Nxd5  1-0

[Event "Berliner Sommer"]
[Site "Berlin"]
[Date "1993.??.??"]
[Round "?"]
[White "Milov, Vadim"]
[Black "Molinaroli, Martin"]
[Result "1-0"]
[WhiteElo "2500"]
[BlackElo "2295"]

1.d4 c6 2.c4 d5 3.Nc3 Nf6 4.e3 e6 5.Nf3 Nbd7 6.Bd3 dxc4 7.Bxc4 b5 8.Bd3 Bb7
9.O-O a6 10.e4 Be7 11.Qe2 c5 12.d5 c4 13.Bc2 e5 14.a4 b4 15.Nd1 Qc7 16.Ne3 Rc8
17.Nf5 g6 18.Nxe7 Kxe7 19.a5 Nh5 20.Ra4 Qd6 21.Bd2 Nf4 22.Qe3 c3 23.bxc3 bxc3
24.Bc1 Kf6 25.g3 Nh5 26.Qh6 Ke7 27.Ba3 Nc5 28.Rc4 Rc7 29.Rb1  1-0

[Event "Berliner Sommer"]
[Site "Berlin"]
[Date "1993.??.??"]
[Round "?"]
[White "Hoi, Carsten"]
[Black "Von Herman, Ulf"]
[Result "1-0"]
[WhiteElo "2400"]
[BlackElo "2280"]

1.d4 d5 2.Nf3 Nf6 3.c4 e6 4.Nc3 c6 5.e3 Nbd7 6.Bd3 dxc4 7.Bxc4 b5 8.Bd3 Bb7
9.O-O Rc8 10.e4 b4 11.Na4 c5 12.e5 Nd5 13.dxc5 Bxc5 14.Nxc5 Rxc5 15.Bd2 h6
16.Qe2 Qb6 17.Rfe1 Ke7 18.Qe4 g5 19.Qg4 Rhc8 20.h4 Nf4 21.Bxf4 gxf4 22.Qxf4 Bxf3
23.gxf3 Rg8+ 24.Kf1 Qa5 25.a3 b3 26.Rad1 Nxe5 27.Be2 Rc2 28.Qe4 Qc5 29.Qh7 Rg6
30.Qh8 Qb6 31.Qxe5  1-0

[Event "Berliner Sommer"]
[Site "Berlin"]
[Date "1993.??.??"]
[Round "?"]
[White "Hoi, Carsten"]
[Black "Sokolov, Andrei"]
[Result "1/2-1/2"]
[WhiteElo "2400"]
[BlackElo "2525"]

1.d4 d5 2.Nf3 c6 3.c4 Nf6 4.Nc3 e6 5.e3 Nbd7 6.Bd3 dxc4 7.Bxc4 b5 8.Bd3 Bb7
9.O-O a6 10.e4 c5 11.d5 c4 12.Bc2 Qc7 13.Qe2 Bd6 14.h3 O-O 15.dxe6 fxe6 16.Nd4 Rae8
17.a3 Nc5 18.Bg5 h6 19.Bd2 Be5 20.Be3 Nfxe4 21.Nxe4 Nxe4 22.Qg4 Nf6 23.Qg6 Qf7
24.Rae1 Bd5 25.f4 Bb8 26.g4 e5 27.fxe5 Qxg6 28.Bxg6 Rxe5 29.Nf5 Bf7 30.Bxf7+ Rxf7
31.Bxh6 Ba7+ 32.Kg2 Rxf5 33.Rxf5 gxh6 34.Rd1 Rd7 35.Rxd7 Nxd7 36.Rd5 Nf6
37.Rd6 Kf7 38.Kf3 Bc5 39.Rxa6 Bd4 40.Ra5 Bxb2 41.Rxb5 Bxa3 42.Ke3 c3 43.Kd3 Bb2
44.g5 hxg5 45.Rxg5 Ke6 46.Rb5 Nd5 47.Rxb2 cxb2  1/2-1/2

[Event "Biel op"]
[Site "Biel"]
[Date "1993.??.??"]
[Round "3"]
[White "Hergott, Deen"]
[Black "Bangiev, Alexander"]
[Result "1-0"]
[WhiteElo "2430"]
[BlackElo "2385"]

1.d4 d5 2.Nf3 c6 3.c4 e6 4.Nc3 Nf6 5.e3 Nbd7 6.Qc2 Bd6 7.Be2 O-O 8.O-O Re8
9.Rd1 Qe7 10.b3 b6 11.e4 Nxe4 12.Nxe4 dxe4 13.Qxe4 Bb7 14.Bf4 Bxf4 15.Qxf4 c5
16.Qc7 Rab8 17.dxc5 Nxc5 18.Qxe7 Rxe7 19.b4 Ne4 20.Rac1 g6 21.Ne5 Nf6 22.Rd4 Rc8
23.Rcd1 Rec7 24.f3 Kf8 25.Rf4 Ke7 26.h4 Bc6 27.g4 Be8 28.Rfd4 Nd7 29.f4 f6
30.Nxd7 Rxd7 31.Kf2 Rxd4 32.Rxd4 h6 33.g5 hxg5 34.hxg5 Bc6 35.gxf6+ Kxf6
36.Rd6 Ke7 37.Rd3 Kf6 38.Rd6 Ke7 39.Rd3 Kf6 40.Ra3 Rc7 41.Re3 Bb7 42.a4 Rd7
43.Re5 Rd2 44.a5 Rb2 45.axb6 axb6 46.b5 Rb3 47.Bg4 Bc8 48.Re4 Bd7 49.Rd4 Ke7
50.Be2 Ra3 51.Rd1 Be8 52.Rd4 Bd7 53.Rd2 Be8 54.Rd1 Bf7 55.Bd3 Kf6 56.Be2 Ke7
57.Bd3 Kf6 58.Be2 Ke7 59.Rh1 Be8 60.Rh7+ Bf7 61.Rh8 Be8 62.Rh7+ Bf7 63.Ke1 Ra8
64.Kd2 Kf6 65.Kc3 Re8 66.Kd4 Rd8+ 67.Kc3 Rg8 68.c5 bxc5 69.Kc4 e5+ 70.Kxc5 Re8
71.b6 exf4 72.b7 Be6 73.Kd6 Bf5 74.Kc7 g5 75.Bh5 Rg8 76.Rf7+ Ke6 77.Rd7 Kf6
78.Rd8 Rxd8 79.Kxd8 Kg7  1-0

[Event "Biel Interzonal"]
[Site "Biel"]
[Date "1993.??.??"]
[Round "5"]
[White "Shirov, Alexei"]
[Black "Akopian, Vladimir"]
[Result "1-0"]
[WhiteElo "2685"]
[BlackElo "2600"]

1.d4 d5 2.c4 c6 3.Nc3 Nf6 4.Nf3 e6 5.e3 Nbd7 6.Qc2 Bd6 7.g4 dxc4 8.Bxc4 b5
9.Bd3 Bb7 10.g5 Nd5 11.Ne4 Be7 12.Bd2 Qb6 13.Rc1 Nb4 14.Bxb4 Bxb4+ 15.Ke2 c5
16.a3 c4 17.axb4 Bd5 18.Nfd2 O-O 19.Rhg1 e5 20.dxe5 Rad8 21.Nf6+ Nxf6 22.Bf5 Nh5
23.Bxh7+ Kh8 24.Bf5 Be6 25.Nf3 g6 26.Bxe6 Qxe6 27.Rcd1 Qe7 28.Qc3 Rd3 29.Rxd3 cxd3+
30.Qxd3 Qxb4 31.Qd4 Qb3 32.Nd2 Qe6 33.Qd6 Qc8 34.Rc1 Qg4+ 35.f3 Qg2+ 36.Kd3 Kg7
37.f4 Qh3 38.e6 fxe6 39.Rc7+ Kg8 40.Kc2 Qf5+ 41.e4  1-0

[Event "Biel Interzonal"]
[Site "Biel"]
[Date "1993.??.??"]
[Round "6"]
[White "Lputian, Smbat G"]
[Black "Illescas Cordoba, Miguel"]
[Result "1/2-1/2"]
[WhiteElo "2565"]
[BlackElo "2625"]

1.d4 d5 2.c4 c6 3.Nc3 Nf6 4.e3 e6 5.Nf3 Nbd7 6.Qc2 Bd6 7.Be2 O-O 8.O-O Re8
9.Rd1 Qe7 10.b3 b6 11.e4 Nxe4 12.Nxe4 dxe4 13.Qxe4 Bb7 14.Bf4 Bxf4 15.Qxf4 e5
16.Nxe5 Nxe5 17.Qxe5 Qxe5 18.dxe5 Rxe5 19.Bf3 Rae8 20.h4 Kf8 21.Rd7 R8e7
22.Rd8+ Re8 23.Rad1 Rxd8 24.Rxd8+ Re8 25.Rd7 Re7 26.Rd8+ Re8 27.Rxe8+ Kxe8
28.Be4 h6 29.b4 Kd7 30.c5 bxc5 31.bxc5 Ba6 32.f3 Bc4 33.a3 Bd5 34.Bf5+ Ke7
35.Kf2 Kf6 36.Bd7 g5 37.hxg5+ hxg5 38.Ke3 Ke5 39.g3 Kf6 40.f4 Ke7 41.Bf5 gxf4+
42.Kxf4 Bg2 43.Ke5 Bd5 44.Bc8 Bg2 45.Ba6 Bd5 46.a4 Bb3 47.a5 Bd1 48.Bc8 Be2
49.Bf5 Bc4 50.Be4 Bb5 51.Bg2 Ba4 52.Bf3 Bb5 53.Kf5 Ba4 54.Bh1 Bb5 55.Bg2 Ba4
56.Be4 Bb5 57.Kf4 Ke6 58.Bf3 Ba4 59.Ke4 Bb5 60.Bg4+ Ke7 61.Ke5 Ba4 62.Bf3 Bb5
63.Bd1 Bf1 64.Bb3  1/2-1/2

[Event "Biel Interzonal"]
[Site "Biel"]
[Date "1993.??.??"]
[Round "7"]
[White "Gurevich, Mikhail"]
[Black "Khalifman, Alexander"]
[Result "0-1"]
[WhiteElo "2605"]
[BlackElo "2645"]

1.d4 d5 2.c4 c6 3.Nc3 Nf6 4.e3 e6 5.Nf3 Nbd7 6.Qc2 Bd6 7.Be2 O-O 8.O-O e5
9.cxd5 cxd5 10.dxe5 Nxe5 11.Rd1 Nxf3+ 12.Bxf3 Qc7 13.h3 Bh2+ 14.Kh1 Be5 15.Bd2 Be6
16.Be1 Rfd8 17.Qe2 a6 18.Rac1 Rac8 19.a3 Qd7 20.Kg1 Bb8 21.g3 Ba7 22.g4 h6
23.Bg2 d4 24.exd4 Bb3 25.Rd2 Bb8 26.Qf3 Bd5 27.Nxd5 Rxc1 28.Nxf6+ gxf6 29.Rd1 Rxd1
30.Qxd1 Be5 31.d5 Bxb2 32.Bd2 Bxa3 33.Bxh6 Qe7 34.Bf3 Bd6 35.Be3 Qe5 36.Kf1 b5
37.Qc2 b4 38.Qa4 Rb8 39.Bd1 Qxd5 40.Bb3 Qb5+ 41.Qxb5 Rxb5 42.Ke2 Re5 43.Kd3 Bc5
44.Bd2 Bxf2 45.Bxb4 Re3+ 46.Kc2 Rxh3 47.Bc4 Rg3 48.Bxa6 Rxg4 49.Bd2 Rd4 50.Bd3 Kg7
51.Bc3 Rd6 52.Bd2 Bh4 53.Bb4 Rd5  0-1

[Event "Biel op"]
[Site "Biel"]
[Date "1993.??.??"]
[Round "8"]
[White "Milov, Vadim"]
[Black "Sevillano, Enrico"]
[Result "1-0"]
[WhiteElo "2500"]
[BlackElo "2265"]

1.d4 d5 2.c4 e6 3.Nc3 c6 4.e3 Nf6 5.Nf3 Nbd7 6.Bd3 dxc4 7.Bxc4 b5 8.Bd3 a6
9.e4 c5 10.d5 Qc7 11.O-O c4 12.Bc2 Bd6 13.dxe6 fxe6 14.Kh1 O-O 15.Nd4 Ne5
16.f4 Nd3 17.Bxd3 cxd3 18.e5 Bc5 19.Nb3 b4 20.exf6 bxc3 21.Qxd3 Rxf6 22.Qxc3 Bb6
23.Qxc7 Bxc7 24.Be3 Bb7 25.Kg1 Bd5 26.Nd4 Rb8 27.b3 Rb4 28.Rad1 g6 29.g3 a5
30.Rc1 Rf7 31.Nf3 a4 32.Bc5 Rb5 33.b4 Bxa2 34.Nd4 Rb7 35.Ra1 Bd5 36.Rxa4 Bb6
37.Bxb6 Rxb6 38.Rc1 h5 39.h4 Kg7 40.Rc5 Kf6 41.Kf2 Rd7 42.Ke3 e5 43.fxe5+ Kxe5
44.Raa5 Rf6 45.Rc8 Rb6 46.Rac5 Kd6 47.Nb5+ Ke7 48.R8c7 Re6+ 49.Kd2 Bc6+ 50.Rxd7+ Bxd7
51.Nd4 Re4 52.Kd3 Re1 53.Rg5 Be8 54.Nf3 Rb1 55.Kc3 Rc1+ 56.Kd4 Rb1 57.Kc5 Kf6
58.Nd2 Re1 59.b5 Bxb5 60.Kxb5 Re5+ 61.Kc4  1-0

[Event "Bishkek zt"]
[Site "Bishkek"]
[Date "1993.??.??"]
[Round "?"]
[White "Kakageldyev, Amanmurad"]
[Black "Imanaliev, Taalaibek"]
[Result "1-0"]
[WhiteElo "2415"]
[BlackElo "2365"]

1.d4 d5 2.c4 c6 3.Nc3 Nf6 4.e3 e6 5.Nf3 Nbd7 6.Qc2 Bd6 7.b3 O-O 8.Bb2 b6
9.Be2 Bb7 10.O-O Re8 11.Rad1 Rc8 12.e4 e5 13.exd5 e4 14.Nh4 cxd5 15.Nf5 Bb8
16.Ba3 Nf8 17.Bxf8 Kxf8 18.Qd2 h6 19.g3 a6 20.Ne3 Bd6 21.Ncxd5 Bxd5 22.cxd5 b5
23.a4 Qb6 24.axb5 axb5 25.Ra1 Ra8 26.Rxa8 Rxa8 27.Rc1 Be7 28.Rc6 Qd8 29.Qc2 Nxd5
30.Qxe4 Nxe3 31.fxe3 Qa5 32.Kf2 Re8 33.Qh7 Bf6 34.Rc8 Rxc8 35.Qh8+ Ke7 36.Qxc8 Qb6
37.b4 g6 38.Qc5+ Qxc5 39.bxc5 b4 40.Bc4 h5 41.Kf3 h4 42.Ke4 Bg5 43.gxh4 Bxh4
44.d5 f5+ 45.Kd3 Bf2 46.d6+ Kd7 47.Kd4 f4 48.Kd5  1-0

[Event "Bratislava op"]
[Site "Bratislava"]
[Date "1993.??.??"]
[Round "7"]
[White "Zhidkov, Valery S"]
[Black "Petrik, Karol"]
[Result "1-0"]
[WhiteElo "2410"]
[BlackElo "2265"]

1.Nf3 d5 2.d4 c6 3.e3 Nf6 4.c4 e6 5.Nc3 Nbd7 6.Qc2 Be7 7.Be2 O-O 8.O-O Re8
9.b3 Bd6 10.Bb2 dxc4 11.bxc4 e5 12.Rad1 exd4 13.exd4 Qa5 14.Rfe1 Nf8 15.h3 Bf5
16.Qb3 Qb4 17.c5 Qxb3 18.axb3 Bc7 19.b4 a6 20.d5 Nxd5 21.Nxd5 cxd5 22.Rxd5 Be4
23.Rdd1 Ne6 24.Bc4 Bxf3 25.gxf3 Re7 26.Re4 Rae8 27.Rde1 Bd8 28.Bd5 a5 29.c6 bxc6
30.Bxc6 Ng5 31.Rxe7 Rxe7 32.Rxe7 Bxe7 33.bxa5 Nxh3+ 34.Kf1 Bc5 35.Bc1 g5
36.Be3 Bd6 37.a6 Bb8 38.a7 Bxa7 39.Bxa7 Nf4 40.Be3 Kg7 41.Bxf4 gxf4 42.Be4 h5
43.Kg2 Kh6 44.Kh3  1-0

[Event "Brno"]
[Site "Brno"]
[Date "1993.??.??"]
[Round "5"]
[White "Stohl, Igor"]
[Black "Chernin, Alexander"]
[Result "1/2-1/2"]
[WhiteElo "2545"]
[BlackElo "2615"]

1.d4 d5 2.c4 c6 3.Nf3 e6 4.e3 Nf6 5.Nc3 Nbd7 6.Bd3 dxc4 7.Bxc4 b5 8.Bd3 a6
9.e4 c5 10.e5 cxd4 11.Nxb5 Ng4 12.Qa4 Bb7 13.Nbxd4 Qb6 14.O-O Bc5 15.h3 Bxf3
16.hxg4 Bd5 17.Nb3 O-O 18.Qxd7 Bxb3 19.Bxh7+ Kxh7 20.Qd3+ Kg8 21.Qxb3 Qxb3
22.axb3 Rfb8 23.Ra4 Rxb3 24.Rc4  1/2-1/2

[Event "Brno-B"]
[Site "Brno"]
[Date "1993.??.??"]
[Round "7"]
[White "Lechtynsky, Jiri"]
[Black "Polgar, Sofia"]
[Result "1/2-1/2"]
[WhiteElo "2405"]
[BlackElo "2430"]

1.d4 d5 2.c4 e6 3.Nf3 Nf6 4.Nc3 c6 5.e3 Nbd7 6.Qc2 Bd6 7.Bd2 O-O 8.h3 a6
9.a3 c5 10.dxc5 Nxc5 11.b4 Nce4 12.cxd5 exd5 13.Bd3 Nxd2 14.Qxd2 Be6 15.O-O Rc8
16.Rfd1 Bb8 17.Rac1 Qe7 18.Ne2 Ne4 19.Qb2 Nd6 20.Ned4 Nc4 21.Qa1 b5 22.a4 Bd7
23.axb5 axb5 24.Bf5 Rc7 25.Bxd7 Qxd7 26.Qa6 Rb7 27.Qc6 Rd8 28.Qxd7 Rdxd7
29.Nxb5 Rxb5 30.Rxc4 dxc4 31.Rxd7 h6 32.Rd4 Rxb4 33.Nd2 Rb2 34.Rxc4 Rxd2
35.Rc8+ Kh7 36.Rxb8 h5 37.h4 g6 38.g3 f5 39.Rb7+ Kh6 40.Kg2 Rc2 41.Kf3 Ra2
42.Rb1 Rc2 43.Re1 Kg7 44.Re2 Rc4 45.Rb2 Ra4 46.Ke2 Ra3 47.Rb7+ Kf6 48.Rb6+ Kg7
49.Rd6 Kh6 50.f3 Kg7 51.Rd3 Ra2+ 52.Rd2 Ra3 53.Rb2 Kf6 54.Rc2 Kg7 55.Kf2 Ra4
56.Re2 Kf6 57.e4 fxe4 58.fxe4 Ke5 59.Kf3 Ra1 60.Re3 Rf1+ 61.Kg2 Rf6 62.Re1 Rf7
63.Re3 Rf6 64.Rf3 Ra6  1/2-1/2

[Event "Brno-B"]
[Site "Brno"]
[Date "1993.??.??"]
[Round "8"]
[White "Polak, Tomas"]
[Black "Polgar, Sofia"]
[Result "1/2-1/2"]
[WhiteElo "2410"]
[BlackElo "2430"]

1.d4 d5 2.c4 e6 3.Nc3 c6 4.Nf3 Nf6 5.e3 Nbd7 6.Qc2 Bd6 7.Be2 O-O 8.O-O e5
9.cxd5 cxd5 10.Nb5 Bb8 11.dxe5 Nxe5 12.Rd1 Bg4 13.Nxe5 Bxe2 14.Qxe2 Bxe5
15.Nd4 Rc8 16.Nf3 Qe7 17.Nxe5 Qxe5 18.Rd4 Rc6 19.Bd2 Rfc8 20.Qd3 h6 21.f3 Re8
22.Rc1 Qc7 23.Rc3 Qb6 24.Rb3 Qc7 25.Rdb4 b6 26.Rd4 Rc4 27.Rc3 b5 28.a4 a6
29.b3 Rxc3 30.Bxc3 Rc8 31.Bd2 bxa4 32.bxa4 Rb8 33.Rb4 Rxb4 34.Bxb4 Qc1+ 35.Kf2 Qb2+
36.Bd2 Qa2 37.a5 Nd7 38.Qd4 Nc5 39.Qxc5 Qxd2+ 40.Kg3 Kh7 41.h3 h5 42.Qa7 Qe1+  1/2-1/2

[Event "Bucharest schev"]
[Site "Bucharest"]
[Date "1993.??.??"]
[Round "?"]
[White "Florescu, Codrut"]
[Black "Racasan, Sebastian"]
[Result "1-0"]
[WhiteElo "2280"]
[BlackElo "2215"]

1.d4 d5 2.c4 c6 3.Nf3 Nf6 4.Nc3 e6 5.e3 Nbd7 6.Bd3 Bd6 7.O-O O-O 8.e4 dxe4
9.Nxe4 Nxe4 10.Bxe4 e5 11.Qc2 h6 12.Rd1 exd4 13.Rxd4 Bc5 14.Rd1 Qc7 15.b3 Ne5
16.Nxe5 Qxe5 17.Bb2 Qf4 18.Rd2 Bg4 19.h3 Bh5 20.g4 Qg3+ 21.Bg2 Bg6 22.Qc3 Qxc3
23.Bxc3 Rfd8 24.Rad1 Be7 25.Rd7 Bg5 26.Be5 Bc2 27.R1d4 Bb1 28.Rxb7 Bxa2 29.Bxc6 f6
30.Rxd8+ Rxd8 31.Bg3 Bd2 32.Bd5+ Kh8  1-0

[Event "Bucharest schev"]
[Site "Bucharest"]
[Date "1993.??.??"]
[Round "?"]
[White "Florescu, Codrut"]
[Black "Bets, Anatolij"]
[Result "1-0"]
[WhiteElo "2280"]
[BlackElo "2260"]

1.d4 d5 2.c4 c6 3.Nf3 Nf6 4.Nc3 e6 5.e3 Nbd7 6.Bd3 dxc4 7.Bxc4 b5 8.Bd3 Bb7
9.O-O a6 10.e4 c5 11.e5 Nd5 12.Ng5 Be7 13.Qh5 g6 14.Qxg6 Nxc3 15.bxc3 Nxe5
16.Be4 Bxe4 17.Nxe4 Nd3 18.Qg7 Rf8 19.Bh6 c4 20.a4 b4 21.cxb4 Nxb4 22.Nf6+ Bxf6
23.Qxf8+ Kd7 24.Qxb4 Qc7 25.Bf4 Qc6 26.Rab1 Rc8 27.Qb7+ Qxb7 28.Rxb7+ Kc6
29.Rxf7 Bxd4 30.Rc1 c3 31.Be3 e5 32.Kf1 Kd5 33.Ke2 Kc4 34.Rb7 h5 35.h4 Rc6
36.Rcb1 a5 37.R7b5 Ra6 38.Bg5 Ra8 39.Rb8 Ra6 40.Rc8+ Kd5 41.f3 Ke6 42.Kd3  1-0

[Event "Bucharest (Women)"]
[Site "Bucharest"]
[Date "1993.??.??"]
[Round "1"]
[White "Costescu, Marina"]
[Black "Sasu Ducsoara, Andrea"]
[Result "1-0"]
[WhiteElo "2090"]
[BlackElo "2070"]

1.d4 d5 2.c4 c6 3.Nc3 Nf6 4.e3 e6 5.Nf3 Nbd7 6.Qc2 Bd6 7.Be2 O-O 8.O-O b6
9.b3 Bb7 10.Rd1 Rc8 11.Bb2 Qe7 12.e4 e5 13.dxe5 Nxe5 14.exd5 cxd5 15.Nb5 Nxf3+
16.Bxf3 Bb8 17.Qf5 dxc4 18.Ba3 Rc5 19.Bxc5 bxc5 20.Re1 Qd8 21.Bxb7 Qb6 22.bxc4 Qxb7
23.Qxc5 Rc8 24.Qd4 a6 25.Rad1 h6 26.Nd6 Bxd6 27.Qxd6  1-0

[Event "Bucharest (Women)"]
[Site "Bucharest"]
[Date "1993.??.??"]
[Round "4"]
[White "Costescu, Marina"]
[Black "Cosma, Elena Luminita"]
[Result "1/2-1/2"]
[WhiteElo "2090"]
[BlackElo "2215"]

1.d4 d5 2.c4 e6 3.Nf3 c6 4.e3 Nf6 5.Nc3 Nbd7 6.Qc2 Bd6 7.Be2 O-O 8.O-O e5
9.cxd5 cxd5 10.dxe5 Nxe5 11.Rd1 Nxf3+ 12.Bxf3 Qc7 13.h3 Bh2+ 14.Kh1 Be5 15.Bd2 Be6
16.Bc1 Rfd8 17.Qe2 Qd7 18.Nb5 Bxh3 19.gxh3 Qxh3+ 20.Kg1 Bh2+ 21.Kh1 Bg3+
22.Kg1 Bh2+ 23.Kh1 Be5+ 24.Kg1 Bh2+ 25.Kh1  1/2-1/2

[Event "Bucharest1"]
[Site "Bucharest"]
[Date "1993.??.??"]
[Round "11"]
[White "Bets, Anatolij"]
[Black "Gilbert, Christophe"]
[Result "1-0"]
[WhiteElo "2260"]
[BlackElo "2100"]

1.d4 d5 2.c4 c6 3.e3 Nf6 4.Nf3 e6 5.Nc3 Be7 6.Be2 dxc4 7.Bxc4 b5 8.Bd3 Bb7
9.O-O b4 10.Ne4 Nbd7 11.Bd2 c5 12.Nxf6+ gxf6 13.Qe2 f5 14.Rfd1 Rg8 15.dxc5 Bxc5
16.Bb5 Bd5 17.Rac1 Rc8 18.Be1 Ke7 19.Nh4 Ne5 20.Rxc5 Rxc5 21.Bxb4 Qb6 22.Rc1 Rc8
23.a4 Kf6 24.Rxc5 Rxc5 25.Bxc5 Qxc5 26.Qd2 Ke7 27.b4 Qc7 28.Nxf5+ Kf6 29.Ng3 Qb7
30.Qd4  1-0

[Event "Bucharest TIT (Women)"]
[Site "Bucharest"]
[Date "1993.??.??"]
[Round "14"]
[White "Roizen, Nadejda"]
[Black "Shumiakina, Tatiana"]
[Result "0-1"]
[WhiteElo "2255"]
[BlackElo "2320"]

1.d4 d5 2.c4 e6 3.Nc3 c6 4.e3 Nf6 5.Nf3 Nbd7 6.Bd3 dxc4 7.Bxc4 b5 8.Bd3 Bb7
9.O-O a6 10.b3 c5 11.Bb2 Be7 12.Rc1 O-O 13.Bb1 Qb6 14.dxc5 Nxc5 15.Ne5 Rfd8
16.Qe2 b4 17.Na4 Nxa4 18.bxa4 Rac8 19.Nc4 Qc5 20.a5  0-1

[Event "Budapest"]
[Site "Budapest"]
[Date "1993.??.??"]
[Round "?"]
[White "Touzane, Olivier"]
[Black "Payen, Arnaud"]
[Result "1-0"]
[WhiteElo "2200"]
[BlackElo "2340"]

1.d4 d5 2.c4 c6 3.Nf3 e6 4.e3 Nf6 5.Nc3 Nbd7 6.Be2 Bd6 7.O-O O-O 8.Qc2 b6
9.e4 Nxe4 10.Nxe4 dxe4 11.Qxe4 Bb7 12.Bd3 g6 13.Bg5 Qc7 14.Rae1 c5 15.d5 e5
16.Qh4 f6 17.Bh6 Rf7 18.Re3 Bf8 19.Rfe1 Qd6 20.g4 Re8 21.Bxf8 Kxf8 22.Qg3 Rfe7
23.Nd2 f5 24.gxf5 gxf5 25.Rf3 f4 26.Qh4 Nf6 27.Qh6+ Rg7+ 28.Kh1 Bc8 29.Rg1 Re7
30.Bxh7 Ne4 31.Rg6 Bg4 32.h3 Bxf3+ 33.Nxf3 Nxf2+ 34.Kh2 Qd7 35.Rf6+ Ke8 36.Bf5 Qxf5
37.Qh8+ Kd7 38.Rxf5 e4 39.Ne5+ Kc7 40.Qa8  1-0

[Event "Budapest FS09 IM-A"]
[Site "Budapest"]
[Date "1993.??.??"]
[Round "?"]
[White "Lehmann, Karl Heinz"]
[Black "Collas, Didier"]
[Result "0-1"]
[WhiteElo "2295"]
[BlackElo "2260"]

1.d4 d5 2.c4 c6 3.Nc3 e6 4.e3 Nf6 5.Nf3 Nbd7 6.Qc2 Bd6 7.Be2 O-O 8.O-O Qe7
9.b3 dxc4 10.bxc4 e5 11.Bb2 Re8 12.Rfe1 e4 13.Nd2 Nf8 14.f3 exf3 15.Bxf3 Ng4
16.Nf1 c5 17.Nd5 Qg5 18.dxc5 Bxc5 19.Bd4 Ne5 20.Nd2 Bd6 21.Kh1 Qh4 22.Nf1 Ne6
23.Bxe5 Bxe5 24.Rab1 Nc5 25.Red1 Bd7 26.g3 Qg5 27.Qg2 Rac8 28.Nf4 Bf5 29.Rbc1 Qe7
30.g4 Bd7 31.Ng3 g6 32.Nd5 Qh4 33.Ne2 Ba4 34.Rd2 Ne6 35.Ng1 Ng5 36.Qf2 Nxf3
37.Nxf3 Qxf2 38.Rxf2 Bg7 39.Rff1 h6 40.h3 Rc5 41.Nd4 Re4 42.Nb3 Rcxc4 43.Ne7+ Kh7
44.Rxc4 Rxc4 45.Rxf7 Be8 46.Rf4 b5 47.Kg1 Rxf4 48.exf4 Bf7 49.Nc6 Bd5 50.Nb4 Bc4
51.Kf2 Bc3 52.Nc6 Bd5 53.Ncd4 a6 54.Ke3 Kg7 55.Kd3 Be1 56.f5 g5 57.Nc5 Bc4+
58.Ke3 a5 59.a3 b4 60.axb4 Bxb4 61.Nd3 Kf6 62.Nc6 Bc3 63.Nc5 Be1 64.Ne4+ Kg7
65.f6+ Kg8 66.Nd6 Bb3 67.Ke2 Bb4 68.Nxb4 axb4 69.Kd3 Be6 70.Kd4 b3 71.Kc3 Kh7
72.f7 Kg7 73.Kb2 Bxf7 74.Nf5+ Kg6 75.h4 gxh4 76.Nxh4+ Kg5 77.Nf5 Be6 78.Nd4 Bg8  0-1

[Event "Budapest FS02 GM"]
[Site "Budapest"]
[Date "1993.??.??"]
[Round "?"]
[White "Pedersen, Steffen"]
[Black "Lukacs, Peter"]
[Result "1/2-1/2"]
[WhiteElo "2390"]
[BlackElo "2480"]

1.d4 d5 2.c4 c6 3.Nf3 Nf6 4.Nc3 e6 5.e3 Nbd7 6.Bd3 dxc4 7.Bxc4 b5 8.Be2 b4
9.Na4 Bb7 10.O-O Be7 11.a3 a5 12.Qc2 O-O 13.axb4 axb4 14.Bd2 Qa5 15.b3 Rfc8
16.Qb2 Qd8 17.Rfd1 Qf8 18.Rac1 Rab8 19.Ne5 Nxe5 20.dxe5 Ne4 21.Be1 Rd8 22.Qc2 f5
23.exf6 Nxf6 24.Qc4 Nd5 25.Bf3 Qf6 26.e4 Nf4 27.Nb6 Bd6 28.Bd2 Nd3 29.Rb1 Bxh2+
30.Kxh2 Ba6 31.Qxa6 Qh4+ 32.Kg1 Qxf2+ 33.Kh2 Qh4+ 34.Kg1 Qf2+ 35.Kh2 Qh4+  1/2-1/2

[Event "Budapest"]
[Site "Budapest"]
[Date "1993.??.??"]
[Round "?"]
[White "Estival, Alain"]
[Black "Payen, Arnaud"]
[Result "1/2-1/2"]
[WhiteElo "2280"]
[BlackElo "2340"]

1.d4 d5 2.c4 e6 3.Nc3 c6 4.Nf3 Nf6 5.e3 Nbd7 6.Be2 Bd6 7.O-O Ne4 8.Nxe4 dxe4
9.Nd2 f5 10.g3 O-O 11.f3 exf3 12.Bxf3 e5 13.d5 c5 14.e4 f4 15.g4 Qh4 16.Rf2 Rf6
17.Rg2 Rg6 18.Be2 Nf6 19.Nf3 Qxg4 20.Rxg4 Bxg4 21.Kh1 Nxe4 22.Qe1 Rh6 23.Bd1 Nf6
24.Nxe5 Bxd1 25.Bxf4 Bc2 26.Bxh6 Be4+ 27.Kg1 Bxe5 28.Be3 Ng4 29.Bxc5 Bxh2+
30.Kf1 Re8 31.Qe2 h5 32.Re1 Nf6 33.d6 Bg3 34.Rd1 Nd7 35.Bf2 Bg2+ 36.Kxg2 Rxe2
37.Kxg3 Rxb2 38.Bxa7 Rxa2 39.Bd4 Ra3+ 40.Kf4 Ra4 41.Rg1 Kf7 42.Rxg7+  1/2-1/2